Μακροοικονομική
Saved in:
| Main Author: | |
|---|---|
| Other Authors: | |
| Format: | Book |
| Language: | Greek English |
| Published: |
Θεσσαλονίκη :
Επίκεντρο,
2021.
|
| Edition: | 8η έκδ. |
| Subjects: | |
| Tags: |
Add Tag
No Tags, Be the first to tag this record!
|
MARC
| LEADER | 00000nam a2200000 i 4500 | ||
|---|---|---|---|
| 001 | 1/125786 | ||
| 008 | 131217t2021####gr | ||| |||| ||gre|| | ||
| 020 | |a 9786182041185 | ||
| 040 | |a GR-MY-UA |b gre |e aacr | ||
| 041 | 0 | |a gre |h eng | |
| 082 | 0 | |a 339 |2 (22) | |
| 100 | 1 | |a Blanchard, Olivier |q (Olivier J.) | |
| 245 | 1 | 0 | |a Μακροοικονομική / |c Olivier Blanchard ; επιμέλεια ελληνικής έκδοσης Δήμητρα Ασημακοπούλου. |
| 250 | |a 8η έκδ. | ||
| 260 | |a Θεσσαλονίκη : |b Επίκεντρο, |c 2021. | ||
| 300 | |a xvii, 592, [35] σ. : |b εικ., πιν. ; |c 29 εκ. | ||
| 650 | 0 | 0 | |a Macroeconomics. |
| 700 | 1 | |a Ασημακοπούλου, Δήμητρα, |e edtf | |
| 852 | |a INST |b SAMOS |c EUDOXUS |e 20230109 |h 339 BLA |p 005300047469 |q 005300047469 |t EDX |y 0 | ||
| 920 | |a ΕΥΔΟΞΟΣ |b ΠΑΡΑΓΓΕΛΙΑ |y Σάμος-ΤΣΑΧΜ |z 2023-01 | ||
| 970 | |a Φιλιππή |b Φάλη |z 09-01-2023 | ||